| 000 | 00539pam a2200193 a 4500 | ||
|---|---|---|---|
| 020 |
_a0781789567 _c4465.00 |
||
| 041 |
_aeng _hNULL |
||
| 082 |
_a616.7 _bWEI/BUC |
||
| 100 | _aWEINSTEIN , S . | ||
| 245 |
_aTUREK`S ORTHOPAEDICS : PRINCIPLE & THEIR APPLICATION / _cNULL. _hTextual Documents |
||
| 250 |
_a6 / _b. |
||
| 260 |
_aNULL : _bLIPPINCOTT WILLIAMS & WILKINS , _c2005. |
||
| 300 |
_a761 : _bxxv ; _cNULL . |
||
| 365 | _a4465.00 | ||
| 700 | _aBUCKWALTER, J . | ||
| 930 | _a958 | ||
| 999 |
_c795494 _d795494 |
||
| 650 | _aORTHO | ||